| 000 | 00826nam a22002177a 4500 | ||
|---|---|---|---|
| 999 |
_c3602 _d3602 |
||
| 003 | AR-CdUCM | ||
| 008 | 190306b ||||| |||| 00| 0 spa d | ||
| 040 |
_aMUNICIPALIDAD PROVINCIAL DEL CUSCO _cBIBLIOTECA MUNICIPAL DEL CUSCO |
||
| 082 |
_a340.85 / _bG25 |
||
| 100 |
_aGarcia Salazar, Jose A. _911779 |
||
| 245 | _aLa justicia y sus problemas / | ||
| 260 |
_aLima : _bEbrasa, _c1976. |
||
| 300 |
_a85 páginas ; _c21 cm. |
||
| 505 | _aDiscurso al inaugurar el año judicial de 1973 -- Primera convención de magistrados -- Reducción de la superpoblación penal -- La jurisprudencia y el cambio de legislación... | ||
| 650 |
_aJurisprudencia. _9927 |
||
| 650 |
_aCambio legislativo. _911780 |
||
| 650 |
_aReforma del poder judicial. _911781 |
||
| 650 |
_aDerecho. _9739 |
||
| 942 |
_2ddc _cLIBROS |
||
| 945 |
_awfj _d2019-03-07 |
||